Apuntes de histología veterinaria: sangre /
Guardado en:
| Autor Principal: | |
|---|---|
| Formato: | Libro |
| Publicado: |
Buenos Aires :
Hemisferio Sur,
1977
|
| Materias: | |
| Etiquetas: |
Agregar Etiqueta
Sin Etiquetas, Sea el primero en etiquetar este registro!
|
| LEADER | 00524nam a22001695a 4500 | ||
|---|---|---|---|
| 001 | CEM.cems016811 | ||
| 005 | 20120829154412.0 | ||
| 008 | 130507s1977##################000#0#####d | ||
| 003 | CEMS | ||
| 082 | 0 | 4 | |a 636.0891 |
| 100 | 1 | |a Claver, Juan A | |
| 245 | 1 | 0 | |a Apuntes de histología veterinaria: sangre / |c Juan A Claver y Adolfo L Saenz Mare |
| 260 | |a Buenos Aires : |b Hemisferio Sur, |c 1977 | ||
| 300 | |a 108 p. | ||
| 653 | |a Sangre | ||
| 653 | |a Histología veterinaria | ||
| 859 | |a CEMS |b BIB. CEMS - Agricultura |h 636.0891 |i C577 |p A0226.00 |t Ej.1 | ||
